Engineering of/with lipases /
Guardado en:
| Autores Corporativos: | , |
|---|---|
| Otros Autores: | |
| Formato: | Libro |
| Idioma: | English |
| Publicado: |
Dordrecht :
Kluwer Academic,
c1996.
|
| Series: | NATO ASI series. Applied sciences ;
no. 317. |
| Materias: | |
| Etiquetas: |
Agregar Etiqueta
Sin Etiquetas, Sea el primero en etiquetar este registro!
|
| LEADER | 01280cam a22002775a 4500 | ||
|---|---|---|---|
| 001 | EIQ.libpla003151 | ||
| 008 | 960312s1996####ne#a#####b####100#0#eng#d | ||
| 005 | 20071026183226.0 | ||
| 245 | 0 | 0 | |a Engineering of/with lipases / |c edited by F. Xavier Malcata. |
| 260 | |a Dordrecht : |b Kluwer Academic, |c c1996. | ||
| 300 | |a xv, 618 p. : |b il. ; |c 25 cm. | ||
| 490 | 1 | |a NATO ASI series. Series E, Applied sciences ; |v vol. 317 | |
| 500 | |a "Published in cooperation with NATO Scientific Affairs Division." | ||
| 500 | |a "Proceedings of the NATO Advanced Study Institute on Engineering of/with Lipases, Póvoa de Varzim, Portugal, May 22-June 2, 1995"--T.p. verso. | ||
| 504 | |a Incluye referencias bibliográficas. | ||
| 020 | |a 0792340035 (hb : alk. paper) | ||
| 700 | 1 | |a Malcata, F. Xavier., |e ed. |4 edt | |
| 710 | 2 | |a North Atlantic Treaty Organization. |b Scientific Affairs Division. | |
| 711 | 2 | |a NATO Advanced Study Institute on Engineering of/with Lipases |d (1995 : |c Póvoa de Varzim, Portugal) | |
| 830 | 0 | |a NATO ASI series. |n Series E, |p Applied sciences ; |v no. 317. | |
| 082 | 0 | 0 | |a 660/.634 |2 20 |
| 650 | 0 | |a Lipasas |x Biotecnología. | |
| 650 | 0 | |a Lipases |x Biotechnology. | |
| 010 | |a 96013636 | ||
| 040 | |a DLC |c DLC |d AR-BbSID | ||
| 859 | |a AR-BbSID |b BIB. PLAPIQUI |h 660.284 21 |i En 32 |p 5330 | ||
